Statistics for Italy in Other Languages

Click here to take the quiz!

General Stats

  • This quiz has been taken 347 times
  • The average score is 8 of 14

Answer Stats

HintAnswer% Correct
ItaliaItalian, Spanish, Korean, Romanian, Norwegian
99%
ItalieFrench
91%
ИталияRussian
87%
ΙταλίαGreek
84%
ItalienDanish, German, Swedish
81%
WłochyPolish
76%
OlaszországHungarian
69%
ІталіяUkrainian
60%
ItaliëDutch
47%
İtalyaTurkish
42%
ItariaJapanese
36%
YìdàlìChinese
25%
ÝVietnamese
20%
ItálieCzech
15%

Score Distribution

Percentile by Number Answered

Percent of People with Each Score

Your Score History

You have not taken this quiz